000 00212cam a2200097ua 4500
082 _a894.812 308
_bACH/TH
100 _aAchuthan Pillai, .
_91727
245 _aThacholi Udayanan /
300 _a302 ; .
942 _cBK
999 _c7220
_d7220